Best of India Quarterly (1945-2010) / (Record no. 201408)

MARC details
000 -LEADER
fixed length control field 00574nam a22001817a 4500
005 - DATE AND TIME OF LATEST TRANSACTION
control field 20240312123023.0
010 ## - LCCN (DPL NO)
LC control number ENG-139654
020 ## - INTERNATIONAL STANDARD BOOK NUMBER
International Standard Book Number 9788192682518
Terms of availability 650.00
035 ## - SYSTEM CONTROL NUMBER
System control number EN-123186
037 ## - SOURCE OF ACQUISITION
Source of stock number/acquisition DBAD/PUB
082 ## - DEWEY DECIMAL CLASSIFICATION NUMBER
Classification number 303.482
245 ## - TITLE STATEMENT
Title Best of India Quarterly (1945-2010) /
Statement of responsibility, etc edited by Amitava Tripathi
260 ## - PUBLICATION, DISTRIBUTION, ETC. (IMPRINT)
Place of publication, distribution, etc New Delhi
Name of publisher, distributor, etc Indian Council of World Affairs
Date of publication, distribution, etc 2013
270 ## - ADDRESS
Address Sapru House, Barakhamba Road,
City New Delhi
Postal code 110001
300 ## - PHYSICAL DESCRIPTION
Extent xvi,376p.
Dimensions 22cm(Hb)
700 ## - ADDED ENTRY--PERSONAL NAME
Personal name Tripathi,Amitava
9 (RLIN) 63090
942 ## - ADDED ENTRY ELEMENTS (KOHA)
Source of classification or shelving scheme Dewey Decimal Classification
Item type English Books
Call number suffix IND
Classification part 303.482
Holdings
Withdrawn status Lost status Not for loan Collection code Home library Current library Date acquired Source of acquisition Cost, normal purchase price Full call number Barcode Copy number Cost, replacement price Koha item type
      Non-fiction Ashok Vihar Ashok Vihar 12/03/2024 DBAD/PUB 650.00 IND 303.482 EN-123186 1 650.00 English Books

© Delhi Public Library
Hit Counter
free hit counter